| 000 | 00825cam a2200205 i 4500 | ||
|---|---|---|---|
| 005 | 20251223100714.0 | ||
| 008 | 250721s2010 jo gr 000 0 ara d | ||
| 020 | _a9789957231118 | ||
| 082 | 1 | 4 |
_a218.51 _bق ب ج |
| 100 | 1 |
_aالقبج، سامر مازن _eمؤلف. |
|
| 245 | 1 | 0 |
_aمن ذاكرة المنابر : _bنخبة من خطب الجمعة تعالج قضايا سياسية واجتماعية ودينية / _cتأليف الدكتور سامر مازن القبج. |
| 250 | _aالطبعة الأولى. | ||
| 264 | 3 | 1 |
_aعمان : _bدار الفتح للدراسات و النشر، _c2010. |
| 300 | _aالجزء الأول. | ||
| 650 | 1 | 7 | _aالاسلام. |
| 650 | 1 | 7 | _aالخطب الدينية. |
| 650 | 1 | 7 | _aالوعظ و الإرشاد. |
| 942 |
_2ddc _cBK |
||
| 999 |
_c124417 _d124417 |
||